|
|
|
|
| LEADER |
00000nam0a2200000 4500 |
| 001 |
183305 |
| 005 |
20231101223742.0 |
| 035 |
|
|
|a (RuTPU)RU\TPU\book\198716
|
| 090 |
|
|
|a 183305
|
| 100 |
|
|
|a 20100713d1964 m y0rusy50 ca
|
| 101 |
0 |
|
|a rus
|
| 102 |
|
|
|a RU
|
| 105 |
|
|
|a a z 000zb
|
| 200 |
1 |
|
|a Давид
|f М. Герман
|
| 210 |
|
|
|a Москва
|c Молодая гвардия
|d 1964
|
| 215 |
|
|
|a 302 с.
|c ил.
|
| 225 |
1 |
|
|a Жизнь замечательных людей. Серия биографий
|v Выпуск 6(381)
|
| 300 |
|
|
|a Основные даты жизни и творчества Луи Давида: с. 297-299
|
| 320 |
|
|
|a Библиогр.: с. 300
|
| 330 |
|
|
|a Книга посвящена жизни и творчеству известного французского художника Луи Давида
|
| 600 |
|
1 |
|a Давид
|b Ж. Л.
|c французский живописец
|f 1748-1825
|g Жак Луи
|2 stltpush
|3 (RuTPU)RU\TPU\pers\11980
|9 3088
|
| 610 |
1 |
|
|a Жизнь замечательных людей
|
| 610 |
1 |
|
|a биографии
|
| 610 |
1 |
|
|a Франция
|
| 610 |
1 |
|
|a французская живопись
|
| 610 |
1 |
|
|a художники
|
| 675 |
|
|
|a 75
|v 3
|
| 700 |
|
1 |
|a Герман
|b М.
|g Михаил
|
| 801 |
|
1 |
|a RU
|b 63413507
|c 20100713
|
| 942 |
|
|
|c BK
|